Southville International School and Colleges
Your cart is empty.
  • Cart
  • Lists
    Public lists Eva Luna New books Lux_list list_1
    Your lists Log in to create your own lists
  • Log in to your account
  • Your cookies
  • Search history
Southville International School and Colleges
  • Advanced search
  • Recent comments
  • Most popular
  • Libraries

Log in to your account

Log in with GOOGLE


If you do not have an external account, but do have a local account, you can still log in:

  1. Home
  2. MARC view: SISC graduate nurses' professional self-assessment and career satisfaction in local and overeas health settings
Normal view MARC view ISBD view

SISC graduate nurses' professional self-assessment and career satisfaction in local and overeas health settings (Record no. 366999)

[ view plain ]
MARC details
000 -LEADER
fixed length control field 01075nam a22002657a 4500
003 - CONTROL NUMBER IDENTIFIER
control field 0
005 - DATE AND TIME OF LATEST TRANSACTION
control field 20250116155526.0
008 - FIXED-LENGTH DATA ELEMENTS--GENERAL INFORMATION
fixed length control field 250116b xxu||||| |||| 00| 0 eng d
050 ## - LIBRARY OF CONGRESS CALL NUMBER
Classification number RT 86.7
Item number .P19 2024
100 ## - MAIN ENTRY--PERSONAL NAME
Personal name Panganiban, Trisha Marie A.
245 ## - TITLE STATEMENT
Title SISC graduate nurses' professional self-assessment and career satisfaction in local and overeas health settings
Statement of responsibility, etc Trisha Marie A. Panganiban
260 ## - PUBLICATION, DISTRIBUTION, ETC. (IMPRINT)
Place of publication, distribution, etc Las Pinas City
Name of publisher, distributor, etc Southville International School and Colleges
Date of publication, distribution, etc 2024
300 ## - PHYSICAL DESCRIPTION
Extent x, 148 pages :
Other physical details illustrations ;
Dimensions 29cm.
504 ## - BIBLIOGRAPHY, ETC. NOTE
Bibliography, etc Includes bibliographical references and appendices.
650 ## - SUBJECT ADDED ENTRY--TOPICAL TERM
Topical term or geographic name as entry element Nurses—Job satisfaction—Philippines.
650 ## - SUBJECT ADDED ENTRY--TOPICAL TERM
Topical term or geographic name as entry element Nurses—Professional development—Philippines.
650 ## - SUBJECT ADDED ENTRY--TOPICAL TERM
Topical term or geographic name as entry element Nurses—Employment—Foreign countries.
650 ## - SUBJECT ADDED ENTRY--TOPICAL TERM
Topical term or geographic name as entry element Nurses—Self-assessment—Philippines.
650 ## - SUBJECT ADDED ENTRY--TOPICAL TERM
Topical term or geographic name as entry element Medical personnel—Migration—Philippines.
700 ## - ADDED ENTRY--PERSONAL NAME
Personal name Piñon, Maxene Andrea
700 ## - ADDED ENTRY--PERSONAL NAME
Personal name Portuguez, Marylle
700 ## - ADDED ENTRY--PERSONAL NAME
Personal name Ramos, Jan Clarisse M.
700 ## - ADDED ENTRY--PERSONAL NAME
Personal name Rodriguez, Chloie Louise M.
942 ## - ADDED ENTRY ELEMENTS (KOHA)
Source of classification or shelving scheme Library of Congress Classification
Koha item type Theses
Holdings
Withdrawn status Lost status Source of classification or shelving scheme Damaged status Home library Current library Shelving location Date acquired Source of acquisition Sub Shelving location Total Checkouts Full call number Barcode Date last seen Price effective from Koha item type
    Library of Congress Classification   College Library College Library Theses Section 01/16/2025 Donation     RT 86.7 .P19 2024 T1266 01/16/2025 01/16/2025 Theses

SISC graduate nurses' professional self-assessment and career satisfaction in local and overeas health settings

APA

Panganiban T. M. A., Piñon M. A., Portuguez M., Ramos J. C. M. & Rodriguez C. L. M. (2024). SISC graduate nurses' professional self-assessment and career satisfaction in local and overeas health settings. Las Pinas City: Southville International School and Colleges.

Chicago

Panganiban Trisha Marie A, Piñon Maxene Andrea, Portuguez Marylle, Ramos Jan Clarisse M and Rodriguez Chloie Louise M. 2024. SISC graduate nurses' professional self-assessment and career satisfaction in local and overeas health settings. Las Pinas City: Southville International School and Colleges.

Harvard

Panganiban T. M. A., Piñon M. A., Portuguez M., Ramos J. C. M. and Rodriguez C. L. M. (2024). SISC graduate nurses' professional self-assessment and career satisfaction in local and overeas health settings. Las Pinas City: Southville International School and Colleges.

MLA

Panganiban Trisha Marie A, Piñon Maxene Andrea, Portuguez Marylle, Ramos Jan Clarisse M and Rodriguez Chloie Louise M. SISC graduate nurses' professional self-assessment and career satisfaction in local and overeas health settings. Las Pinas City: Southville International School and Colleges. 2024.

  • Print
  • Cite
  • Add to your cart (remove)
  • Save record
    BIBTEX Dublin Core MARCXML MARC (non-Unicode/MARC-8) MARC (Unicode/UTF-8) MARC (Unicode/UTF-8, Standard) MODS (XML) RIS
  • More searches
    Search for this title in:
    Other Libraries (WorldCat) Other Databases (Google Scholar) Online Stores (Bookfinder.com) Open Library (openlibrary.org)

Exporting to Dublin Core...

SOUTHVILLE LIBRARY

Southville International School and Colleges Library

1281 Tropical Ave. Cor. Luxembourg St., BF Homes International, Las Pinas City

Tel. No. 8256374 / 252358 Loc. 117/146

Powered by Koha